载入...
MIMAMSA PARIBHASHA
| 主要作者: | |
|---|---|
| 格式: | Printed Book |
| 出版: |
K C C NAIR
1981
|
| 主题: |
| LEADER | 00388nam a2200169 4500 | ||
|---|---|---|---|
| 020 | |||
| 082 | |||
| 100 | |a MAHESWARAN,NAIR.K | ||
| 245 | |a MIMAMSA PARIBHASHA |h SANSKRIT | ||
| 250 | |||
| 260 | |b K C C NAIR |c 1981 | ||
| 300 | |f HB | ||
| 650 | |a MIMAMSA PARIBHASHA | ||
| 700 | |||
| 942 | |c BK | ||
| 999 | |c 163118 |d 163118 | ||
| 952 | |0 0 |1 0 |4 0 |7 0 |9 176575 |a ORI |b ORI |l 0 |p ORIS5060 |r 2019-10-25 |w 2019-10-25 |y BK | ||